<O >Capuchinho Vermelho (Registo nº 31270)
[ vista simples ]
| 000 -Etiqueta do registo | |
|---|---|
| Valores | 00618nam a2200229 4500 |
| 010 ## - Número ISBN | |
| ISBN | 9789722341295 |
| 021 ## - Número do Depósito Legal | |
| -- | PT |
| Número | 289685/09 |
| 090 ## - | |
| -- | 31270 |
| 100 ## - Dados gerais de processamento | |
| Dados gerais | 20101019d2009 a 0pory5003 ba |
| 101 ## - Língua de publicação | |
| -- | por |
| -- | eng |
| 102 ## - País de publicação | |
| -- | PT |
| 105 ## - | |
| -- | a z 000fy |
| 200 1# - Titulo e menção de responsabilidade | |
| Título próprio | <O >Capuchinho Vermelho |
| Primeira menção de responsabilidade | adap. Arianna Candell |
| Outras menções de responsabilidade | il. Daniel Horwarth |
| 210 ## - Publicação | |
| Local de publicação | Lisboa |
| Nome do editor | Presença |
| Data de publicação | 2009 |
| 215 ## - Descrição física | |
| Paginação / Volumes | 35, [1] p. |
| Dimensões | 24 cm |
| 300 ## - Notas gerais | |
| Texto da nota | Edição Bilingue (Inglês-Português) |
| 675 ## - CDU | |
| Notação | 087.5 |
| Edição | BNL |
| Língua | por |
| 702 #1 - Autor secundário (pessoa individual) | |
| Apelido | Rorwarth |
| Nome | Daniel |
| -- | 440 |
| 930 ## - | |
| -- | BECRE |
| 990 ## - Elementos KOHA | |
| Tipo de documento | Livro |
| 995 ## - Localização e informação dos exemplares | |
| -- | 18 |
| Situação do levantamento | Estado | Biblioteca de origem | Biblioteca de empréstimo | Código de barras | Cota | Permissão de empréstimo | Tipo de documento |
|---|---|---|---|---|---|---|---|
| Completo | Biblioteca da Escola Básica e Secundária Dr Isidoro de Sousa | Biblioteca da Escola Básica e Secundária Dr Isidoro de Sousa | 6105EV | 087.5 CAN | Disponível | Livro |